Письма [Смирнова] Иакова - настоятеля православной церкви при парижской миссии - Шиллингу М. Ф.

Доступно только в Электронных читальных залах Найти на картеНа карте
RUSMARC
00004385nac2a22003013x 450
00173029f3c-7f2b-4e86-b024-9ec90a28c60b
00520211214165005.0
100##$a20211122l19081912k y0rusy50 ca
1010#$arus
$afre
102##$aRU
105##$ay z |||e|
1222#$ad19081231
$ad19121226
2001#$aПисьма [Смирнова] Иакова - настоятеля православной церкви при парижской миссии - Шиллингу М. Ф.
$j1908 - 26 декабря 1912
215##$a9 листов
251##$cДело
300##$aОбложка в конце дела
300##$aНа папке дела: 5 января 1908-26 декабря 1912
300##$aЧасть текста на французском языке
300##$aЛисты: 1, 7 - конверты; 4 - конверт с маркой; 7 - сургучная печать; 9 - чистый с водяными знаками
300##$aРукописный текст
330##$aВходит в раздел описи: 3. Документы о научной и литературной деятельности барона Шиллинга М. Ф.. Письма разных лиц Шиллингу М. Ф.
461#0$1001ff9fc58f-089b-437b-980d-902343bc59d8
$12001
$aШиллинг Маврикий Фабианович, барон, секретарь русского посольства в Вене
$1251
$cФонд
$1852
$j813
462#0$1001665c067c-d934-4316-b9df-5bf0ad49190b
$12001
$aДела постоянного хранения. 1817-1917
$vД. 410
$1251
$cОпись
$1852
$j1
600#1$aШиллинг
$bМ. Ф.
$cбарон
$gМаврикий Фабианович
600#1$aСмирнов
$bИ.
$gИаков
801#0$aRU
$bGA_RF
801#1$aRU
$bГлавНИВЦ
$c20211122
$2rusmarc
801#2$aRU
$bПБ им. Б.Н. Ельцина
$c20211214
$gRCR
$2rusmarc
852##$aГА РФ
$j410
937##$d171598062
$hГАРФ
035##$aRuPRLIB51061335
856##$uhttp://readingroom.main.prlib.ru/item.aspx?id_node=n171598062&mode=full
Формат отображения